| 000 | 00297nam a2200121 i 4500 | ||
|---|---|---|---|
| 001 | bg | ||
| 245 | 0 | _aIzmerenije radioteplovych i plazmennych izučenij v SWČ diapazone. | |
| 260 |
_aMoskva, _c1968. |
||
| 040 | _cBPK | ||
| 041 | _apol | ||
| 942 | _cKS | ||
| 008 | s pl f |000 0 pol | ||
| 999 |
_c12745 _d12745 |
||
| 856 |
_uhttp://koha.tu.koszalin.pl/cgi-bin/koha/opac-detail.pl?biblionumber=12745 _yKatalog online BPK |
||